| 000 | 00601nam a22002057a 4500 | ||
|---|---|---|---|
| 999 |
_c3754 _d3754 |
||
| 003 | AR-CdUCM | ||
| 008 | 190307b ||||| |||| 00| 0 spa d | ||
| 040 |
_aMUNICIPALIDAD PROVINCIAL DEL CUSCO _cBIBLIOTECA MUNICIPAL DEL CUSCO |
||
| 082 |
_a823 / _bH22 |
||
| 100 |
_aHarrison, Charles C. _912143 |
||
| 245 | _aAventura de Dick Turpin / | ||
| 260 |
_aValencia : _bGaisa, _c1962. |
||
| 300 |
_a228 paginas ; _bIlustraciones, _c21 cm. |
||
| 505 | _aNovela | ||
| 650 |
_aNovelas espaƱolas _9584 |
||
| 650 |
_aNovelas de aventuras _9735 |
||
| 650 |
_aSiglo XX. _98 |
||
| 942 |
_2ddc _cLIBROS |
||
| 945 | _aacv | ||